000 00791cab a2200217 4500
001 X1490
008 090401t1984 xxu||||| |||| 00| 0 eng d
035 _a(Sirsi) u17373
041 _aeng
245 _aGovernment asked for planning guidance on higher education by universities
260 _c1984
350 _a0
490 _aCSM (Chartered Surveyor Monthly)
_v3(8) May 1984 10(1)
520 _aCommittee of Vice Chancellors and Principals of the Universities of the United Kingdom (CVCP) in its "Town and Country Planning and University Estates" has recommended the government to issue a PPG on higher education.
650 _aEDUCATIONAL BUILDINGS
650 _aHIGHER EDUCATION
650 _aPPGS
690 _aPLANNING LAW AND PRACTICE
942 _n0
948 _c04/03/1997
999 _c11521
_d11521